|
|
|
|
| LEADER |
00000nas a2200000 a 4500 |
| 001 |
ssj0004504 |
| 003 |
WaSeSS |
| 005 |
20200512172242.0 |
| 006 |
m d |
| 007 |
cr n |
| 008 |
990618c19899999ne qr pss 0 0eng c |
| 010 |
|
|
|a 2007233943
|
| 016 |
7 |
|
|a 012433147
|2 Uk
|
| 022 |
|
|
|a 1572-8498
|l 0956-2737
|y 0956-2737
|
| 030 |
|
|
|a HEFOE8
|
| 035 |
|
|
|a (WaSeSS)ssj0004504
|
| 037 |
|
|
|b Kluwer Academic Publishers, Spuiboulevard 50, P.O. Box 17, 3300 AA Dordrecht, The Netherlands
|
| 040 |
|
|
|a F#A
|b eng
|e pn
|c F#A
|d OCLCQ
|d MUQ
|d OCLCQ
|d EYM
|d GUA
|d AU@
|d QCL
|d MYG
|d OCLCQ
|d OCLCO
|d OCLCF
|d OCLCO
|d VT2
|d OCLCQ
|d Z5A
|d OCLCO
|d OCLCA
|d APUMS
|d OCLCO
|d U3W
|d OCLCO
|d UKMGB
|d DLC
|d NJT
|d WaSeSS
|
| 042 |
|
|
|a pcc
|
| 050 |
0 |
0 |
|a R724
|
| 060 |
0 |
0 |
|a W1
|b HE682H
|
| 082 |
0 |
4 |
|a 174.2
|
| 130 |
0 |
|
|a HEC forum (Online)
|
| 245 |
1 |
0 |
|a HEC forum
|h [electronic resource].
|
| 246 |
1 |
3 |
|a HealthCare Ethics Committee Forum
|
| 260 |
|
|
|a [Dordrecht] :
|b Kluwer Academic Publishers
|
| 260 |
3 |
|
|3 <2009-> :
|a [Dordrecht] :
|b Springer Netherlands
|
| 310 |
|
|
|a Quarterly
|
| 362 |
1 |
|
|a Began with v. 1, no. 1 (Jan. 1989).
|
| 506 |
|
|
|a License restrictions may limit access.
|
| 538 |
|
|
|a Mode of access: World Wide Web.
|
| 588 |
|
|
|a Description based on: Vol. 1, no. 1 (Jan. 1989); title from journal contents page (SpringerLink, viewed Nov. 4, 2009).
|
| 588 |
|
|
|a Latest issue consulted: Vol. 31, issue 1 (Mar. 2019) (viewed Mar. 5, 2019).
|
| 650 |
|
0 |
|a Medical ethics
|v Periodicals.
|
| 650 |
|
0 |
|a Hospitals
|x Moral and ethical aspects
|v Periodicals.
|
| 650 |
|
0 |
|a Medical laws and legislation
|v Periodicals.
|
| 650 |
|
0 |
|a Hospitals
|x Law and legislation
|v Periodicals.
|
| 650 |
|
6 |
|a Éthique médicale
|v Périodiques.
|
| 650 |
|
6 |
|a Soins hospitaliers
|x Aspect moral
|v Périodiques.
|
| 650 |
|
6 |
|a Médecine
|x Droit
|v Périodiques.
|
| 650 |
|
6 |
|a Hôpitaux
|x Droit
|v Périodiques.
|
| 650 |
|
7 |
|a Hospitals
|x Law and legislation.
|2 fast
|0 (OCoLC)fst00961374
|
| 650 |
|
7 |
|a Hospitals
|x Moral and ethical aspects.
|2 fast
|0 (OCoLC)fst00961416
|
| 650 |
|
7 |
|a Medical ethics.
|2 fast
|0 (OCoLC)fst01014081
|
| 650 |
|
7 |
|a Medical laws and legislation.
|2 fast
|0 (OCoLC)fst01014309
|
| 650 |
|
2 |
|a Ethics.
|
| 650 |
|
2 |
|a Ethics, Institutional.
|
| 650 |
|
2 |
|a Hospitals
|x standards.
|
| 650 |
|
2 |
|a Professional Staff Committees.
|
| 655 |
|
0 |
|a Electronic journals.
|
| 776 |
0 |
8 |
|i Print version:
|t HEC forum
|x 0956-2737
|w (DLC) 89656509
|w (OCoLC)19771189
|
| 850 |
|
|
|a DLC
|
| 856 |
4 |
0 |
|z Full text available from Research Library: 03/01/1999 to 1 year ago
|u https://search.proquest.com/publication/30210
|